Armenian Food Terms - Statistics

General Stats
  • This quiz has been taken 5 times
  • The average score is 2 of 8
Answer Stats
Word Answer % Correct
spoon gdal
80%
cup bazhak
60%
knife danak
60%
fork patarrak'agh
20%
plate pnak
20%
napkin andzerrotseek
0%
barbeque khorovadz
0%
food ooteleek
0%
No matching quizzes found
Score Distribution
Percent of People with Each Score
Percentile by Number Answered
Your Score History
You have not taken this quiz